000 01267nam a22003137a 4500
001 3369177
003 OSt
005 20210419071312.0
008 871123s1989 nyu 000 1 eng
020 _a0345336291
040 _aDLC
_cDLC
_dDLC
_dOCoLC
_dDLC
_beng
041 _aeng
080 _a821.111
_bA-84
100 1 _aAsimov, Isaac,
_d1920-1992.
245 1 0 _aSecond Foundation
_cIsaac Asimov.
_b/ by: Ballantine Books
260 _aNew York
_bBallantine Books
_c1989
300 _a282 p.
365 _b3.95 usd
500 _a"A Foundation book."
500 _aThis, the latest of the 14 Foundation books, is reckoned by Asimov to be the 9th in terms of the chronology of the events covered. Cf. "Author's note (p. ix-x).
650 0 _aEnglish literature
_9254
653 _aინგლისური ლიტერატურა
655 7 _aScience fiction.
_2gsafd
856 4 2 _3Contributor biographical information
_uhttp://www.loc.gov/catdir/enhancements/fy0703/87033086-b.html
856 4 2 _3Publisher description
_uhttp://www.loc.gov/catdir/enhancements/fy0703/87033086-d.html
856 4 1 _3Sample text
_uhttp://www.loc.gov/catdir/enhancements/fy0703/87033086-s.html
906 _a7
_bcbc
_corignew
_d1
_eocip
_f19
_gy-gencatlg
942 _2udc
_cBK
999 _c1968
_d1968